[Event "28th NATO Chess 2017"]
[Site "masterchessopen.com Budapest HUN"]
[Date "2017.03.28"]
[Round "3.24"]
[White "Graczyk,D"]
[Black "De Cat,B"]
[Result "1-0"]
[WhiteElo "2106"]
[BlackElo "1901"]

1.d4 Nf6 2.Nf3 d6 3.g3 Nbd7 4.Bg2 c6 5.O-O Qc7 6.c4 e5 7.Nc3 Be7 8.e4 h6 9.h3
g5 10.Ne1 Nf8 11.Nc2 Ng6 12.Ne3 Be6 13.d5 Bd7 14.Nf5 c5 15.Ng7+ Kf8 16.Nf5 a6
17.a4 Qc8 18.Qf3 Ne8 19.Nd1 Rh7 20.Nde3 Ng7 21.Bd2 Kg8 22.Ba5 Bf8 23.Ra3 Nxf5
24.exf5 Ne7 25.Ng4 Kh8 26.Nf6 Rg7 27.Nxd7 {#r} 1-0

[Event "90th ch-St Petersburg"]
[Site "masterchessopen.com St Petersburg RUS"]
[Date "2017.03.28"]
[Round "11.4"]
[White "Schekachikhin,Maksim"]
[Black "Duzhakov,I"]
[Result "0-1"]
[WhiteElo "2380"]
[BlackElo "2424"]

1.d4 Nf6 2.c4 g6 3.Nc3 d5 4.Nf3 Bg7 5.cxd5 Nxd5 6.e4 Nxc3 7.bxc3 c5 8.Be3 Qa5
9.Nd2 cxd4 10.Nc4 Qd8 11.cxd4 O-O 12.Rb1 f5 13.Ne5 Be6 14.exf5 gxf5 15.Qd2 Nc6
16.f4 Bxe5 17.fxe5 f4 18.Bf2 Qd7 19.Bb5 Bd5 20.Ba4 Kh8 21.Bc2 Rf7 22.a3 Rg8
23.Rg1 b6 24.Rd1 Qe6 25.Qd3 Na5 26.Bb1 Nc4 27.Rc1 b5 28.Rc3 Rg6 29.g3 f3 30.h4
Rg4 31.Qd1 a5 32.Rb3 Nd6 33.Rc3 Nc4 34.Rb3 Nd6 35.Rc3 b4 36.axb4 axb4 37.Rc7
Nb5 38.Rc5 Nc3 39.Qc1 Nxb1 40.Qxb1 Re4+ 41.Kd1 Re2 42.Rf1 Bb3+ 43.Kc1 Qh6+
{#R} 0-1

[Event "90th ch-St Petersburg"]
[Site "masterchessopen.com St Petersburg RUS"]
[Date "2017.03.28"]
[Round "11.6"]
[White "Fraiman,Dmitry"]
[Black "Alekseenko,K"]
[Result "0-1"]
[WhiteElo "2255"]
[BlackElo "2588"]

1.e4 c5 2.Nf3 d6 3.d4 cxd4 4.Nxd4 Nf6 5.Nc3 a6 6.Bc4 e6 7.Bb3 Nbd7 8.Be3 Nc5
9.f3 b5 10.Qd2 Bd7 11.O-O-O b4 12.Nce2 a5 13.Kb1 Qc8 14.c3 a4 15.cxb4 Ncxe4
16.fxe4 axb3 17.Nxb3 Qc4 18.e5 dxe5 19.Bc5 Bxc5 20.bxc5 Bc6 21.Nc3 Ne4 22.Qe3
Nxc3+ 23.bxc3 Be4+ 24.Kb2 Qa4 25.Nc1 Qc2+ {#R} 0-1

[Event "ch-ROU 2017"]
[Site "masterchessopen.com Calimanesti-Caciulata ROU"]
[Date "2017.03.28"]
[Round "4.1"]
[White "Anton,T"]
[Black "Deac,Bogdan-Daniel"]
[Result "1-0"]
[WhiteElo "2412"]
[BlackElo "2584"]

1.Nf3 d5 2.g3 Nc6 3.d4 Bf5 4.Bg2 Nb4 5.Na3 c6 6.O-O e6 7.c3 Na6 8.Qb3 Qb6
9.Re1 Be7 10.Bg5 Nf6 11.Ne5 Nc7 12.Bxf6 gxf6 13.Nf3 Bg6 14.Nd2 f5 15.f4 Qxb3
16.axb3 Kd7 17.b4 b6 18.e3 Rhb8 19.Bf1 a5 20.bxa5 bxa5 21.b3 Ne8 22.Ra2 Kc7
23.Rea1 c5 24.Nc2 cxd4 25.Nxd4 Bc5 26.b4 Bb6 27.bxa5 Ba7 28.c4 Nf6 29.Nb5+ Kd7
30.Nxa7 Rxa7 31.Nf3 Kd6 32.Nd4 Raa8 33.a6 {#r} 1-0

[Event "ch-ROU 2017"]
[Site "masterchessopen.com Calimanesti-Caciulata ROU"]
[Date "2017.03.28"]
[Round "4.3"]
[White "Parligras,M"]
[Black "David,Alexandru"]
[Result "1-0"]
[WhiteElo "2601"]
[BlackElo "2379"]

1.Nf3 Nf6 2.c4 e6 3.b3 d5 4.e3 c5 5.Bb2 Nc6 6.cxd5 exd5 7.Bb5 Bd6 8.O-O O-O
9.d4 cxd4 10.Nxd4 Bd7 11.Be2 Re8 12.Nd2 a6 13.N2f3 Ne4 14.Rc1 Qf6 15.Rc2 Qh6
16.Nxc6 bxc6 17.g3 a5 18.Qd4 a4 19.bxa4 Rab8 20.a5 Rb4 21.Qa7 Bh3 22.a3 Bc5
23.Qc7 Rbb8 24.Ne5 Bxf1 25.Qxf7+ Kh8 26.Qxe8+ {#r} 1-0

[Event "ch-ROU 2017"]
[Site "masterchessopen.com Calimanesti-Caciulata ROU"]
[Date "2017.03.28"]
[Round "4.4"]
[White "Manolache,M"]
[Black "Nevednichy,V"]
[Result "1-0"]
[WhiteElo "2496"]
[BlackElo "2547"]

1.d4 Nf6 2.c4 e6 3.Nc3 d5 4.cxd5 exd5 5.Bg5 Be7 6.e3 Nbd7 7.Bd3 c6 8.Qc2 Nh5
9.Bxe7 Qxe7 10.Nge2 g6 11.O-O-O Nb6 12.Kb1 Be6 13.h3 Ng7 14.Ng3 O-O-O 15.Na4
Nxa4 16.Qxa4 Kb8 17.Rc1 Bc8 18.Rc3 Ne8 19.Rhc1 Nd6 20.Ra3 b5 21.Qb4 Bb7 22.e4
Nc8 23.Rc5 a6 24.e5 Nb6 25.Rxb5 {#r} 1-0

[Event "ch-ROU 2017"]
[Site "masterchessopen.com Calimanesti-Caciulata ROU"]
[Date "2017.03.28"]
[Round "4.6"]
[White "Istratescu,A"]
[Black "Patrascu,Catalin-Lucian"]
[Result "1-0"]
[WhiteElo "2579"]
[BlackElo "2275"]

1.e4 c5 2.Nf3 e6 3.d4 cxd4 4.Nxd4 a6 5.c4 Nf6 6.Nc3 Qc7 7.a3 b6 8.Be3 Bb7
9.Bd3 d6 10.Rc1 Nbd7 11.b4 g6 12.f4 Bg7 13.O-O O-O 14.Nb3 Rac8 15.a4 Qb8
16.Qe2 Qa8 17.Bd2 Rfe8 18.a5 d5 19.cxd5 exd5 20.e5 Ne4 21.axb6 Nxb6 22.Bxe4
dxe4 23.Nc5 f5 24.Be3 Bd5 25.Rfd1 Bc4 26.Qc2 Red8 27.Rxd8+ Rxd8 28.N3a4 Bd3
29.Nxb6 {#r} 1-0

[Event "ch-ROU 2017"]
[Site "masterchessopen.com Calimanesti-Caciulata ROU"]
[Date "2017.03.28"]
[Round "4.11"]
[White "Costachi,M"]
[Black "Toma,Al"]
[Result "1-0"]
[WhiteElo "2460"]
[BlackElo "2199"]

1.d4 d5 2.c4 c6 3.cxd5 cxd5 4.Bg5 h6 5.Bh4 Qb6 6.Nc3 e6 7.Qd2 Nc6 8.e3 Bd7
9.Bd3 Rc8 10.Nf3 Nf6 11.O-O Bd6 12.Rac1 Na5 13.Ne5 Nc4 14.Bxc4 dxc4 15.f4 Nd5
16.Nxd5 exd5 17.f5 Bxe5 18.dxe5 O-O 19.Be7 Rfe8 20.f6 g6 21.Kh1 Kh7 22.Rf4 Bf5
23.Qxd5 Qe6 24.e4 Bg4 25.Rxg4 {#r} 1-0

[Event "ch-ROU 2017"]
[Site "masterchessopen.com Calimanesti-Caciulata ROU"]
[Date "2017.03.28"]
[Round "4.14"]
[White "Daianu,C"]
[Black "Posedaru,B"]
[Result "0-1"]
[WhiteElo "2209"]
[BlackElo "2338"]

1.e4 c5 2.Nf3 Nc6 3.d4 cxd4 4.Nxd4 e5 5.Nb5 d6 6.c4 Be7 7.Be2 Nf6 8.N1c3 a6
9.Na3 Be6 10.O-O O-O 11.Be3 Rc8 12.Rc1 Nd7 13.Nd5 Bg5 14.Qd2 Bxe3 15.Qxe3 Nd4
16.Kh1 f5 17.exf5 Nxf5 18.Qh3 Qg5 19.f4 Qd8 20.Bd3 g6 21.Rce1 Kg7 22.Nb1 b5
23.fxe5 dxe5 24.b3 bxc4 25.Bxc4 Qa5 26.Nbc3 Rce8 27.Qd3 Qd8 28.Ne4 a5 29.Qc3
Nd4 30.Rxf8 Rxf8 31.Ne3 Bxc4 32.Nxc4 Qh4 33.Ng3 Rf2 34.Qxa5 Nf3 {#R} 0-1

[Event "ch-ROU 2017"]
[Site "masterchessopen.com Calimanesti-Caciulata ROU"]
[Date "2017.03.28"]
[Round "4.16"]
[White "Bonte,An"]
[Black "Ciorgovean,Iustin"]
[Result "1-0"]
[WhiteElo "2325"]
[BlackElo "2070"]

1.e4 c5 2.Nf3 e6 3.c4 Nc6 4.Nc3 Nd4 5.Nxd4 cxd4 6.Ne2 e5 7.d3 Bb4+ 8.Bd2 a5
9.Bxb4 axb4 10.Qd2 Qe7 11.f4 f6 12.Ng3 Nh6 13.Be2 O-O 14.O-O b5 15.cxb5 Rb8
16.fxe5 fxe5 17.Rxf8+ Qxf8 18.Rf1 Qe7 19.Bd1 Rxb5 20.Bb3+ Kh8 21.Qg5 {#r} 1-0

[Event "ch-ROU 2017"]
[Site "masterchessopen.com Calimanesti-Caciulata ROU"]
[Date "2017.03.28"]
[Round "4.18"]
[White "Luca,Ionel"]
[Black "Vasiesiu,Victor"]
[Result "0-1"]
[WhiteElo "2089"]
[BlackElo "2228"]

1.c4 e5 2.Nc3 Nc6 3.g3 g6 4.Bg2 Bg7 5.d3 d6 6.Bd2 f5 7.Rb1 Be6 8.b4 Qd7 9.a4
Nf6 10.Nf3 h6 11.O-O O-O 12.b5 Ne7 13.c5 g5 14.cxd6 cxd6 15.Rb4 Rac8 16.h4
Nfd5 17.Nxd5 Nxd5 18.Rc4 g4 19.Nh2 Rxc4 20.dxc4 Nb6 21.Qc1 Kh7 22.Rd1 Nxc4
23.Bb4 Rc8 24.e4 f4 25.gxf4 exf4 26.e5 Bxe5 27.Qb1+ Kg7 28.Qe4 f3 29.Bf1 d5
30.Qe1 Bf6 31.Bc3 Qf7 32.Rd4 Bxd4 33.Bxd4+ Kf8 34.Qc1 Qg6 35.Qf4+ Ke8 36.Bxa7
Kd7 37.Qd4 g3 38.Nxf3 Rf8 39.Bc5 Rxf3 {#R} 0-1

[Event "ch-ROU 2017"]
[Site "masterchessopen.com Calimanesti-Caciulata ROU"]
[Date "2017.03.28"]
[Round "4.20"]
[White "Chima,R"]
[Black "Secrieru,Andrei-Cristian"]
[Result "1-0"]
[WhiteElo "2141"]
[BlackElo "1822"]

1.c4 Nf6 2.Nc3 e6 3.g3 d5 4.d4 c5 5.cxd5 exd5 6.Nf3 Nc6 7.Bg2 Be7 8.O-O O-O
9.Bg5 c4 10.Ne5 Be6 11.Nxc4 dxc4 12.Bxf6 Bxf6 13.d5 Qb6 14.Qc1 Bxc3 15.bxc3
Bxd5 16.Bxd5 Qc5 17.Bg2 Rab8 18.Rd1 Rfd8 19.Qf4 Na5 20.Rd7 Qf8 21.Rad1 Qe8
22.Qxf7+ Qxf7 23.Rxd8+ Qe8 24.Rxe8+ Rxe8 25.Kf1 Kf7 26.Rd7+ Re7 27.Rd4 Rc7
28.Bd5+ Kf6 29.e4 b5 30.Ke2 Nc6 31.Rd1 Ne7 32.f4 Nxd5 33.Rxd5 Rb7 34.Ke3 Ke6
35.Kd4 Rb6 36.Kc5 Ke7 37.Kb4 a6 38.Rg5 Kf7 39.Rd5 Re6 40.e5 Rh6 41.Rd7+ Kf8
42.Rd2 Ke7 43.a4 bxa4 44.Kxc4 Rc6+ 45.Kd3 a3 46.Ra2 Rb6 47.Kc2 Rh6 48.Kb3 Rb6+
49.Kxa3 g5 50.Rb2 gxf4 {#r} 1-0

[Event "ch-ROU 2017"]
[Site "masterchessopen.com Calimanesti-Caciulata ROU"]
[Date "2017.03.28"]
[Round "4.22"]
[White "Ghimpu,Samuel-Timotei"]
[Black "Scripcaru,George-Daniel"]
[Result "1-0"]
[WhiteElo "2007"]
[BlackElo "2313"]

1.c4 c6 2.Nf3 d5 3.e3 Nf6 4.Nc3 Nbd7 5.d4 e6 6.cxd5 exd5 7.Bd3 Bd6 8.O-O O-O
9.Re1 Re8 10.e4 dxe4 11.Nxe4 Nxe4 12.Bxe4 h6 13.Bd2 Nf6 14.Bc2 Bg4 15.h3 Be6
16.Bc3 Bd5 17.Ne5 b5 18.Qd3 b4 19.Bd2 c5 20.b3 Rc8 21.Ng4 Ne4 22.Ne3 Bb7 23.f3
cxd4 24.Nf5 Rxc2 25.Qxc2 d3 26.Qc1 Nxd2 27.Rxe8+ Qxe8 28.Nxd6 Qe3+ 29.Kh1 Ba6
30.Ne4 {#r} 1-0

[Event "ch-ROU 2017"]
[Site "masterchessopen.com Calimanesti-Caciulata ROU"]
[Date "2017.03.28"]
[Round "4.23"]
[White "Bohiltea,F"]
[Black "Ognean,Mihnea-Ionut"]
[Result "0-1"]
[WhiteElo "2012"]
[BlackElo "2128"]

1.e4 c5 2.Nc3 Nc6 3.g3 g6 4.Bg2 Bg7 5.d3 d6 6.Nge2 e6 7.O-O Nge7 8.Bg5 O-O
9.Qd2 b6 10.Bh6 Bxh6 11.Qxh6 e5 12.f4 f6 13.Bh3 Bxh3 14.Qxh3 f5 15.g4 Nd4
16.Nxd4 cxd4 17.Ne2 Kh8 18.fxe5 dxe5 19.exf5 gxf5 20.gxf5 Nd5 21.c4 Ne3 22.Rf3
b5 23.b3 bxc4 24.bxc4 Qb6 25.Ng3 Qb2 26.Raf1 Nxf1 27.Rxf1 Qd2 28.Ne4 Qe3+
29.Qxe3 dxe3 30.Rf3 Rab8 31.Rxe3 Rxf5 32.Nd6 Rg8+ 33.Rg3 Rxg3+ 34.hxg3 Rf3
35.Kg2 Rxd3 36.Nf7+ Kg7 37.Nxe5 Rc3 38.Nc6 a6 39.Nb4 a5 40.Nc6 a4 41.Na5 Kf7
{#R} 0-1

[Event "ch-ROU 2017"]
[Site "masterchessopen.com Calimanesti-Caciulata ROU"]
[Date "2017.03.28"]
[Round "4.24"]
[White "Zubcu,Vlad-George"]
[Black "Sandor,Tamas"]
[Result "0-1"]
[WhiteElo "2127"]
[BlackElo "2026"]

1.d4 Nf6 2.Nc3 d5 3.Bg5 g6 4.f3 c5 5.e3 Bg7 6.Bb5+ Bd7 7.Qd3 a6 8.Bxd7+ Nbxd7
9.Nge2 O-O 10.O-O Re8 11.Kh1 h6 12.Bh4 g5 13.Bg3 e5 14.dxe5 Nxe5 15.Bxe5 Rxe5
16.f4 gxf4 17.exf4 Re6 18.Ng3 d4 19.Nd1 Nd5 20.f5 Re5 21.Nf2 Ne3 22.Nfe4 c4
23.Qd2 Nxf1 24.Rxf1 Qd5 25.Nf2 Rxf5 26.Nxf5 Qxf5 27.Qe2 Qb5 28.Ne4 c3 29.Qf3
cxb2 30.Nd2 d3 31.cxd3 Rd8 32.d4 Rxd4 33.Qxf7+ Kh8 34.Re1 Rd8 35.h3 Qd5
36.Re8+ Kh7 37.Re6 Qg5 38.Re8 Rxe8 39.Qxe8 Qxd2 40.Qe4+ Kg8 41.Qe8+ Bf8
42.Qe6+ Kg7 {#R} 0-1

[Event "ch-ROU 2017"]
[Site "masterchessopen.com Calimanesti-Caciulata ROU"]
[Date "2017.03.28"]
[Round "4.25"]
[White "Tufa,M"]
[Black "Stancu,Robert-Alexandru"]
[Result "0-1"]
[WhiteElo "1983"]
[BlackElo "2088"]

1.e4 c5 2.c3 Nf6 3.e5 Nd5 4.d4 cxd4 5.Nf3 d6 6.cxd4 e6 7.Nc3 Nxc3 8.bxc3 Qc7
9.Bd2 Nd7 10.exd6 Bxd6 11.Bd3 Nf6 12.O-O O-O 13.Bg5 Be7 14.Qd2 b6 15.Qf4 Qxf4
16.Bxf4 Bb7 17.a4 Rac8 18.Rfc1 Ne4 19.c4 Bb4 20.Rab1 Ba5 21.c5 Nc3 22.Rb3 Na2
23.Rc2 Nb4 24.Rc1 Nxd3 25.Rxd3 Rfd8 26.Bd2 Ba6 27.Ra3 Bxd2 28.Nxd2 bxc5 29.Nf3
cxd4 30.Rxc8 Rxc8 31.h4 d3 32.Kh2 f6 33.Ra1 Rc2 34.Kg3 e5 35.Ne1 Re2 36.Rd1
Ra2 37.f3 d2 {#R} 0-1

[Event "ch-ROU 2017"]
[Site "masterchessopen.com Calimanesti-Caciulata ROU"]
[Date "2017.03.28"]
[Round "4.27"]
[White "Olinici,Emanuel"]
[Black "Raduica,R"]
[Result "1-0"]
[WhiteElo "2069"]
[BlackElo "1946"]

1.d4 Nf6 2.c4 c5 3.d5 b5 4.cxb5 a6 5.bxa6 Bxa6 6.Nc3 g6 7.e4 Bxf1 8.Kxf1 d6
9.Nf3 Bg7 10.g3 O-O 11.Kg2 Qb6 12.a4 Na6 13.Qe2 Qb4 14.Nd2 Nd7 15.Ra3 Rfc8
16.Rb3 Qa5 17.Nc4 Qd8 18.h4 Rcb8 19.Rxb8 Qxb8 20.h5 Qb4 21.hxg6 hxg6 22.Bg5
Bf6 23.Bxf6 Nxf6 24.e5 dxe5 25.Nxe5 Qb7 26.Qd2 Nb4 27.Qh6 Nh5 28.Nxg6 fxg6
29.Qxg6+ Ng7 30.Qh7+ Kf7 31.Rh5 Nxd5 32.Nxd5 e6 33.Kh2 exd5 34.Rf5+ {#r} 1-0

[Event "ch-ROU 2017"]
[Site "masterchessopen.com Calimanesti-Caciulata ROU"]
[Date "2017.03.28"]
[Round "4.28"]
[White "Vasiliu,Cosmin"]
[Black "Marchidan,Costica"]
[Result "1-0"]
[WhiteElo "2052"]
[BlackElo "1718"]

1.d4 Nf6 2.Bg5 c5 3.Bxf6 gxf6 4.d5 d6 5.c4 Nd7 6.Qc2 Bg7 7.e4 a6 8.Nc3 Rb8
9.a4 Qa5 10.Ra3 Nb6 11.f4 f5 12.exf5 Qb4 13.Rb3 Qa5 14.Bd3 Nxa4 15.Ne2 Bd7
16.Ra3 b5 17.cxb5 axb5 18.O-O b4 19.Rxa4 Bxa4 20.Qxa4+ Qxa4 21.Nxa4 h5 22.g3
Bf6 23.b3 Rf8 24.Kf2 h4 25.Rh1 Kd7 26.Kf3 hxg3 27.hxg3 Rh8 28.Rxh8 Rxh8 29.g4
Rh1 30.g5 Bg7 31.Nb6+ Ke8 32.Ke4 Rd1 33.Nc4 Kd7 34.Ne3 Ra1 35.Bc4 Ra2 36.Nf1
Rc2 37.Neg3 Bh8 38.Nh5 Rf2 39.g6 {#r} 1-0

[Event "ch-ROU 2017"]
[Site "masterchessopen.com Calimanesti-Caciulata ROU"]
[Date "2017.03.28"]
[Round "4.29"]
[White "Coca,Cristi-Iulian"]
[Black "David,Aurelian-Corneliu"]
[Result "1-0"]
[WhiteElo "1929"]
[BlackElo "2051"]

1.e4 c5 2.c3 Nf6 3.e5 Nd5 4.d4 Qc7 5.Nf3 e6 6.Bd2 cxd4 7.cxd4 Nc6 8.Nc3 Nxc3
9.bxc3 d6 10.exd6 Bxd6 11.Bd3 e5 12.O-O Bg4 13.Re1 O-O-O 14.h3 Bh5 15.d5 Ne7
16.c4 f5 17.Be2 Bf7 18.Rc1 h6 19.Be3 b6 20.c5 Bxc5 21.Bxc5 bxc5 22.Ba6+ Kb8
23.Rb1+ Ka8 24.Bb7+ Qxb7 25.Rxb7 Kxb7 26.d6 Nc8 27.Nxe5 Rxd6 28.Qb1+ Rb6
29.Qxf5 Rf6 30.Qd7+ {#r} 1-0

[Event "ch-ROU 2017"]
[Site "masterchessopen.com Calimanesti-Caciulata ROU"]
[Date "2017.03.28"]
[Round "4.30"]
[White "Fluerariu,R"]
[Black "Calinoiu,C"]
[Result "1-0"]
[WhiteElo "2030"]
[BlackElo "1653"]

1.e4 d6 2.d4 Nf6 3.Nc3 c6 4.f4 e6 5.Nf3 Be7 6.Bd3 h6 7.O-O O-O 8.Qe1 Re8 9.Qg3
Kh8 10.Bd2 Nbd7 11.e5 Ng8 12.Ne4 d5 13.Neg5 Rf8 14.Qh3 c5 15.c3 c4 16.Bc2 Nb6
17.Nh4 g6 18.Rf3 Bd7 19.Nxf7+ Rxf7 20.Nxg6+ Kg7 21.Rg3 Rf5 22.Nxe7+ Kf7
23.Nxg8 Qf8 24.Nxh6+ Ke7 25.Nxf5+ exf5 26.Qh7+ Kd8 27.Rg8 Kc7 28.Rxf8 Rxf8
29.e6 {#r} 1-0

[Event "ch-ROU 2017"]
[Site "masterchessopen.com Calimanesti-Caciulata ROU"]
[Date "2017.03.28"]
[Round "4.31"]
[White "Juravle,Mihnea-Marian"]
[Black "Maier,Mari2"]
[Result "1-0"]
[WhiteElo "1868"]
[BlackElo "1991"]

1.e4 e5 2.Nf3 Nf6 3.Nc3 Nc6 4.d4 exd4 5.Nxd4 Bb4 6.Nxc6 bxc6 7.Bd3 d5 8.exd5
Nxd5 9.O-O Nxc3 10.Qe1+ Be6 11.bxc3 Ba5 12.Qe5 Qd5 13.Qxg7 O-O-O 14.Ba6+ Kb8
15.c4 Qe4 16.Qb2+ Bb6 17.c5 Rhg8 18.f3 Qg6 19.g3 Bh3 20.cxb6 axb6 21.Bf4 c5
22.Rfe1 Rd4 23.Bd3 f5 24.Be5 Rb4 25.Qc3 Qc6 26.Bf1 Bxf1 27.Rxf1 f4 28.a3 Ra4
29.g4 h5 30.h3 hxg4 31.hxg4 Rg5 32.Rae1 Rg6 33.Qd3 Rg8 34.Re4 Ra8 35.Bxf4 Rg7
{#r} 1-0

[Event "ch-ROU 2017"]
[Site "masterchessopen.com Calimanesti-Caciulata ROU"]
[Date "2017.03.28"]
[Round "4.34"]
[White "Dan,Cr"]
[Black "Oprisoni,G"]
[Result "1-0"]
[WhiteElo "1950"]
[BlackElo "1882"]

1.d4 Nf6 2.c4 d6 3.Nf3 Nbd7 4.e4 e5 5.Nc3 c6 6.Be2 Be7 7.O-O O-O 8.a3 a6 9.b4
Qc7 10.dxe5 dxe5 11.c5 Rd8 12.Qc2 Nf8 13.Bb2 Bg4 14.Na4 Bxf3 15.Bxf3 Ne6
16.Nb6 Rab8 17.Rad1 Nd4 18.Qc3 Nd7 19.Nc4 f6 20.Bg4 Nf8 21.Ne3 g6 22.Qc4+ Kg7
23.Bxd4 Rxd4 24.Rxd4 exd4 25.Qxd4 Rd8 26.Qc3 h5 27.Bd1 Ne6 28.Bb3 Nd4 29.Qc4
Nxb3 30.Qxb3 Qe5 31.f3 Rd2 32.Qc4 Bd8 33.Rc1 Bc7 34.Nf1 Rd7 35.Qc3 Qe7 36.Qb3
Qd8 37.Qc4 Bf4 38.Rb1 Be5 39.g3 Rd3 40.f4 Rc3 41.Qe2 Bd4+ 42.Kh1 Rxa3 43.Rd1
Ra1 44.Rd2 f5 45.Qc4 fxe4 46.Kg2 e3 47.Nxe3 Rg1+ 48.Kf3 {#r} 1-0

[Event "ch-ROU 2017"]
[Site "masterchessopen.com Calimanesti-Caciulata ROU"]
[Date "2017.03.28"]
[Round "4.35"]
[White "Dracea,Gheorghe"]
[Black "Craciun,O"]
[Result "1-0"]
[WhiteElo "1900"]
[BlackElo "1903"]

1.e4 c5 2.Nf3 Nc6 3.d4 cxd4 4.Nxd4 Nf6 5.Nc3 e6 6.Nxc6 bxc6 7.e5 Ng8 8.Be2 Qc7
9.f4 d5 10.exd6 Bxd6 11.Ne4 Be7 12.O-O Nf6 13.Ng3 O-O 14.c4 c5 15.Qc2 Rd8
16.Kh1 a5 17.Bd2 Bd6 18.Bc3 e5 19.Nf5 Bxf5 20.Qxf5 Re8 21.Rae1 Re6 22.Bd3 Rae8
23.Qh3 h6 24.Bf5 R6e7 25.Bc2 Qd7 26.Bf5 Qc7 27.Bc2 Qd7 28.Qxd7 Nxd7 29.Bxa5
Rd8 30.Bxd8 {#r} 1-0

[Event "ch-ROU w 2017"]
[Site "masterchessopen.com Calimanesti-Caciulata ROU"]
[Date "2017.03.28"]
[Round "4.1"]
[White "Bulmaga,I"]
[Black "Peptan,C"]
[Result "0-1"]
[WhiteElo "2388"]
[BlackElo "2390"]

1.e4 c5 2.Nf3 g6 3.c3 d5 4.exd5 Qxd5 5.d4 Bg7 6.Na3 cxd4 7.Nb5 Na6 8.Nbxd4 Nc7
9.Be3 a6 10.Be2 Nf6 11.O-O O-O 12.h3 Qd6 13.c4 Ne6 14.Nxe6 Qxe6 15.Nd4 Qe5
16.Bf3 Qc7 17.Qc1 e5 18.Nb3 Bf5 19.Nc5 e4 20.Be2 h5 21.Rd1 Rad8 22.Rxd8 Rxd8
23.Na4 Qc6 24.Nc3 Be6 25.Qf1 Ne8 26.c5 Nc7 27.Rd1 Rxd1 28.Qxd1 Nd5 29.Bd4 Nxc3
30.bxc3 Bf8 31.Qb1 Bxc5 32.Bxc5 Qxc5 33.Qxe4 Qxc3 34.Qxb7 Qe1+ 35.Bf1 a5 36.a4
Kg7 37.Qb2+ Kh7 38.Qb5 Bf5 39.Qd5 Be6 40.Qb5 Kh6 41.h4 Kh7 42.Qe2 Qa1 43.Qb5
Qd1 44.Qa6 Qxa4 45.Bb5 Qb4 46.Bc6 Qe1+ 47.Kh2 Qxf2 48.Qxa5 Qxh4+ 49.Kg1 Qd4+
{#R} 0-1

[Event "ch-ROU w 2017"]
[Site "masterchessopen.com Calimanesti-Caciulata ROU"]
[Date "2017.03.28"]
[Round "4.3"]
[White "Sgircea,S"]
[Black "Didiliuc,Dariana-Gabriela"]
[Result "1-0"]
[WhiteElo "2276"]
[BlackElo "1876"]

1.Nf3 Nf6 2.c4 g6 3.g3 Bg7 4.Bg2 O-O 5.O-O d6 6.d4 Nc6 7.Nc3 e5 8.dxe5 Nxe5
9.Nxe5 dxe5 10.Bg5 Qxd1 11.Rfxd1 c6 12.Rd6 Be6 13.Rad1 h6 14.Bxf6 Bxf6 15.b3
Rad8 16.Ne4 Rxd6 17.Nxf6+ Kg7 18.Nh5+ gxh5 19.Rxd6 Kf6 20.h4 Ke7 21.c5 f6
22.Be4 Bf7 23.Kg2 Rd8 24.Rxd8 Kxd8 25.Kf3 Bd5 26.Ke3 Ke7 27.Bg6 Bf7 28.Bd3 Be6
29.f4 Bg4 30.Ke4 exf4 31.gxf4 Ke6 32.Bc4+ Ke7 33.f5 Kd8 34.Kf4 Bh3 35.Bd3 Bg4
36.b4 Ke7 37.a4 Kd7 38.a5 Bh3 39.Be4 Bf1 40.Bf3 Kc7 41.Bxh5 Kd7 42.Kf3 Bh3
43.Bg4 Bxg4+ 44.Kxg4 Kc7 45.Kh5 b6 46.a6 {#r} 1-0

[Event "ch-ROU w 2017"]
[Site "masterchessopen.com Calimanesti-Caciulata ROU"]
[Date "2017.03.28"]
[Round "4.4"]
[White "Cosman,A"]
[Black "Sandu,Mi"]
[Result "1-0"]
[WhiteElo "2120"]
[BlackElo "2261"]

1.d4 Nf6 2.c4 g6 3.f3 Bg7 4.e4 d6 5.Nc3 O-O 6.Be3 e5 7.Nge2 c6 8.Qd2 Nbd7
9.O-O-O a6 10.Kb1 b5 11.c5 d5 12.exd5 cxd5 13.Bg5 Bb7 14.dxe5 Nxe5 15.Nd4 Rc8
16.h4 Qa5 17.Nb3 Qc7 18.h5 b4 19.Na4 Nc4 20.Qc1 Nxh5 21.Bxc4 dxc4 22.Qxc4 Qe5
23.Qc1 Ng3 24.Rhe1 Qf5+ 25.Ka1 Bd5 26.Nb6 Bxb3 27.Nxc8 Rxc8 28.axb3 h6 29.Rd8+
Rxd8 30.Bxd8 Qd5 31.c6 Qxb3 32.Be7 Nf5 33.Kb1 Nd4 34.Re3 Qa4 35.c7 b3 36.c8=Q+
Kh7 37.Ba3 Qb5 38.Q1c4 Qh5 39.Re1 Qh4 40.Qe8 {#r} 1-0

[Event "ch-ROU w 2017"]
[Site "masterchessopen.com Calimanesti-Caciulata ROU"]
[Date "2017.03.28"]
[Round "4.6"]
[White "Jakab,Kincso"]
[Black "Visanescu,D"]
[Result "0-1"]
[WhiteElo "1973"]
[BlackElo "2036"]

1.d4 d5 2.Nf3 c5 3.dxc5 e6 4.e4 Bxc5 5.Nc3 Nf6 6.Bb5+ Nc6 7.Bg5 Be7 8.Bxf6
Bxf6 9.exd5 Bxc3+ 10.bxc3 exd5 11.O-O O-O 12.Bxc6 bxc6 13.Qd4 Bf5 14.Ne5 Qc7
15.Nd3 Rfe8 16.f3 Re2 17.Rf2 Re7 18.Qc5 Bxd3 19.cxd3 Rae8 20.g3 h5 21.Kg2 Re3
22.Rd1 R8e6 23.f4 h4 24.c4 hxg3 25.hxg3 Qe7 26.Qd4 Rg6 27.Rf3 Re2+ 28.Rf2 Qh4
29.Rxe2 Rxg3+ 30.Kf2 Rxd3+ 31.Kg2 Qg3+ 32.Kf1 Qf3+ 33.Ke1 Qh1+ 34.Kf2 Rf3# 0-1

[Event "ch-ROU w 2017"]
[Site "masterchessopen.com Calimanesti-Caciulata ROU"]
[Date "2017.03.28"]
[Round "4.7"]
[White "Ionescu,I"]
[Black "Firaru,R"]
[Result "1-0"]
[WhiteElo "2253"]
[BlackElo "1835"]

1.e4 e5 2.Nf3 Nc6 3.Bc4 Bc5 4.c3 Nf6 5.d3 O-O 6.O-O a6 7.Bb3 d5 8.exd5 Nxd5
9.Re1 Kh8 10.Nxe5 Nxe5 11.Rxe5 Bxf2+ 12.Kxf2 Qf6+ 13.Qf3 Qxe5 14.Bxd5 c6
15.Bb3 Qxh2 16.Bf4 Qh1 17.Qd1 Qh4+ 18.Bg3 Qg5 19.Nd2 f5 20.Nf3 Qg6 21.Qd2 Be6
22.Bc2 Rae8 23.Bd6 Rf6 24.Be5 Rff8 25.Rh1 Bd5 26.d4 Be4 27.Ng5 Kg8 28.Bb3+ Bd5
29.Bxd5+ cxd5 30.Rxh7 Re7 31.Qf4 Rxe5 32.dxe5 Qb6+ 33.Kg3 Re8 34.Qh4 Qe3+
35.Nf3 Re6 36.Qh5 {#r} 1-0

[Event "ch-ROU w 2017"]
[Site "masterchessopen.com Calimanesti-Caciulata ROU"]
[Date "2017.03.28"]
[Round "4.9"]
[White "Aciu,Malina-Andreea"]
[Black "Porcoleanu,D"]
[Result "1-0"]
[WhiteElo "1893"]
[BlackElo "1584"]

1.e4 c5 2.Nf3 e6 3.d4 cxd4 4.Nxd4 a6 5.Bd3 Nf6 6.O-O Qc7 7.c4 Nc6 8.Nxc6 dxc6
9.f4 e5 10.f5 Bc5+ 11.Kh1 b5 12.Qf3 Bd4 13.Nc3 Bb7 14.Bg5 Nd7 15.f6 g6 16.Rac1
b4 17.Nd1 h5 18.Be3 c5 19.Bxd4 exd4 20.Nf2 Qe5 21.Nh3 a5 22.Nf4 Ra6 23.Nd5
Bxd5 24.exd5 Qxf6 25.Rce1+ Kf8 26.Qg3 Qd6 27.Qg5 Kg7 28.Re6 {#r} 1-0

[Event "ch-ROU w 2017"]
[Site "masterchessopen.com Calimanesti-Caciulata ROU"]
[Date "2017.03.28"]
[Round "4.10"]
[White "Cristocea,Gabriela"]
[Black "Nastase,Andreea-Cristina"]
[Result "0-1"]
[WhiteElo "1498"]
[BlackElo "1888"]

1.e4 c5 2.c3 Nf6 3.e5 Nd5 4.Nf3 d6 5.d4 cxd4 6.cxd4 b6 7.Nc3 Nxc3 8.bxc3 Qc7
9.Bd2 Bb7 10.Be2 e6 11.Qc2 Nd7 12.exd6 Bxd6 13.h3 O-O 14.O-O Nf6 15.Rac1 Ne4
16.Bd3 Nxd2 17.Nxd2 h6 18.Be4 Bh2+ 19.Kh1 Bf4 20.Bxb7 Qxb7 21.Rcd1 Rac8 22.Ne4
Rfd8 23.Kg1 Re8 24.Qe2 Qd5 25.Rd3 f5 26.Nd2 Rc6 27.Re1 Rec8 28.Rf1 Rxc3
29.Rxc3 Rxc3 30.Nb3 a5 31.g3 Bc7 32.Rc1 Rxc1+ 33.Nxc1 f4 34.gxf4 Bxf4 35.Nd3
Bd6 36.Ne1 b5 37.Nd3 b4 38.Nc5 Bxc5 39.dxc5 a4 40.Qg4 b3 41.axb3 axb3 42.Qe2
Kh8 43.Kh2 Qxc5 44.Qxe6 Qxf2+ 45.Kh1 Qc2 {#R} 0-1